Culture Générale - Série 913 - Statistiques

Statistiques générales
  • Ce quiz a été pris 101 fois
  • Le résultat moyen est 4 sur 10
Statistiques - réponses
Question Réponse % Correct
Le président américain Kennedy est souvent appelé JFK : de quel nom le "F" est-il l'initiale ? Fitzgerald
84%
Quel synonyme de lance-pierre, désigne la révolte qui éclata contre le cardinal Mazarin, au XVIIe siècle ? Fronde
64%
En Afrique du Nord, ce mot désigne l'intérieur des terres, et en France une contrée, village retirés et généralement sans attrait bled
59%
Dans quel pays Cristina Fernández de Kirchner a-t-elle été élue à la présidence, en 2007 ? Argentine
57%
Quelle plante potagère de la famille des liliacées est l'ingrédient majeur de la tarte appelée “flamiche” ? poireau
49%
Quelle plante aromatise les bêtises de Cambrai traditionnelles ? menthe
38%
En remplaçant une lettre au mot "savane", on obtient une danse de cour lente du XVI siècle pavane
31%
Jeune fille à laquelle on décerne solennellement, dans certaines localités, un prix de vertu symbolisé par une couronne de roses, et une récompense. rosière
27%
L'alevin de l'anguille est appelé "civelle", mais il porte également le nom de ... pibale
11%
Qu'est-ce qu'un "agui" ? noeud
3%
Aucun quiz correspondant
Distribution des résultats
% des personnes avec chaque résultat
Percentile par nombre de réponses
Votre historique - résultats
Vous n’avez pas pris ce quiz